| Registos Bibliográficos associados ao registo de autoridade |
|
Etiqueta de registo: 00254nam 2200025 450 001 2276934 003 http://id.bnportugal.gov.pt/bib/catbnp/2276934 010 ## $a978-989-9207-70-7 021 ## $aPT$b558650/26 100 ## $a20260306d2026 m y0pory01030103ba 101 1# $apor 102 ## $aPT 105 ## $ay z 000yy 106 ## $ar 200 1# $aEsperança em São Tomás de Aquino$e a felicidade, a paixão da esperança, a virtude teologal da esperança e a vida da
esperança, oração$fSão Tomás de Aquino$gtrad., apresentação e notas Duarte da Cunha, João César das Neves$gpref. Thomas Joseph White 205 ## $a1ª ed 210 #9 $aCascais$cLucerna,$d2026 215 ## $a134, [2] p.$d23 cm 675 ## $a17.02$vBN$zpor$3317689 675 ## $a27-423$vBN$zpor$31502247 700 #0 $aTomás de Aquino,$cSanto,$f1225-1274,$cO.P.$320917 702 #1 $aCunha,$bDuarte da$4730$3983272 702 #1 $aNeves,$bJoão César das,$f1957-$4730$385909 702 #1 $aWhite,$bThomas Joseph$4080$31989471 801 #0 $aPT$bBN$gRPC 856 41 $uhttp://rnod.bnportugal.gov.pt/ImagesBN/winlibimg.aspx?skey=&doc=2276934&img=221048&save=true 900 ## $aBIBNAC$d20260413 966 ## $lBN$mFGMON$sS.A. 193484 V.$x1 966 ## $lBN$mFGMON$sS.A. 193484 V.-D$x1 971 ## $cisantos$d20260306 972 ## $e0$z0$d20260413$vasantos 973 ## $csteixeira$d20260406 975 ## $e0$d20260415$viquintas
|
|
|